00888 2200217 4500001002100000005001500021035002000036007000300056008004100059020002200100082001400122084002000136245007100156250000600227260004500233300005100278100003100329650002900360520026400389990001700653INLIS00000000000085020260525100512 a0010-0823000014ta260525 j 1 ind  a978-602-03-0660-5 a899 221 3 a899 221 3 DIS s1 aStoryBook Collection :bkumpulan kisah aksi cars /cDisney - Pixer a- aJakarta :bPT Gramedia Pustaka Utama,c- a300 :bilust, berganbarn, berwarna ;c19 cme-0 aDisney - Pixer ( Penulis ) 4afiksi - Bacaan Anak-anak aBayangkan serunya kalau mobil-mobil bisa hidup dan bicara seperti manusia. Mereka bahkan memiliki kota sendiri, lengkap dengan toko-toko, kafe, dan motel! Ka-Chow! Nyalakan mesinmu dan siap-siaplah bertualang bersama Lightning, Mater, dan mobil-mobil lainnya! a00080/K/2017